Consultor clínico. (Registro nro. 3066)

Detalles MARC
000 -LEADER
fixed length control field 01038nam a2200277 a 4500
008 - CAMPO DE CONTROL (LIBRO)
fixed length control field 200218e2005 sp ||||| |||| 00| 0 spa d
020 ## - INTERNATIONAL STANDARD BOOK NUMBER
ISBN 8449421772
041 ## - CODIGO DE IDIOMA
Código de idioma del texto/pista de sonido o título separado spa
092 ## - SIGNATURA TOPOGRAFICA DEWEY LOCAL
número de clasificación 616
libristica 24
sección FER
100 1# - ENTRADA PRINCIPAL--NOMBRE PERSONAL
Nombre personal Ferri, Fred F.
9 (RLIN) 4119
245 ## - TITULO PROPIAMENTE DICHO
Título Consultor clínico.
Subtítulo y Título paralelo Diagnóstico y tratamiento en medicina interna /
Mención de responsabilidad y remanente de la transcripción de la portada Fred F. Ferri
250 ## - MENCION DE EDICION
Mención de edición 1a ed.
260 ## - PIE DE IMPRENTA
Lugar de publicación, distribución, etc Barcelona:
Nombre de la editorial, distribuidor, etc Harcourt ; Océano;
Fecha de publicación 2005.
300 ## - DESCRIPCION FISICA
Extension 1108 p.
500 ## - NOTA GENERAL
Nota general Ferri, F. F. (2005). Consultor clínico. Diagnóstico y tratamiento en medicina interna. (1a ed.). Barcelona : Océano ; Harcourt.
590 ## - NOTAS LOCALES (RLIN)
Nota local Donacion
653 ## - TÉRMINO INDIZADO - PALABRAS CLAVES
Palabra clave Terminos clínicos
653 ## - TÉRMINO INDIZADO - PALABRAS CLAVES
Palabra clave Diagnóstico diferencial, etiología y clasificación de signos y sintomas habituales
653 ## - TÉRMINO INDIZADO - PALABRAS CLAVES
Palabra clave Algoritmos clínicos
653 ## - TÉRMINO INDIZADO - PALABRAS CLAVES
Palabra clave Pruebas de laboratorio e interpretación de los resultados
653 ## - TÉRMINO INDIZADO - PALABRAS CLAVES
Palabra clave Servicios preventivos clínicos
653 ## - TÉRMINO INDIZADO - PALABRAS CLAVES
Palabra clave Revisión de la literatura médica
653 ## - TÉRMINO INDIZADO - PALABRAS CLAVES
Palabra clave Fármacos
653 ## - TÉRMINO INDIZADO - PALABRAS CLAVES
Palabra clave Hechos y fórmulas esenciales
942 ## - ADDED ENTRY ELEMENTS (KOHA)
Source of classification or shelving scheme Dewey Decimal Classification
Item type Libros
Existencias
Estado de retiro Existencia Fuente de clasificación Estado general No para prestamo Ubicación permanente ubicación actual Sala de ubicación Fecha de adquisición Fuente de adquisición Total Checkouts Número de clasificación Código de barras Date last seen Número de ejemplar Price effective from Koha tipo de elemento (item) Public note
    Dewey Decimal Classification     Biblioteca Medicina Biblioteca Medicina Circulación 18/02/2020 Donacion   616 24 FER 4624 18/02/2020 Ej. 1 18/02/2020 Libros Donacion

UNIVERSIDAD NACIONAL DEL COMAHUE
Biblioteca de la Facultad de Ciencias Médicas
Sede Toschi: Los Arrayanes y Av. Toschi, Cipolletti  - Rio Negro
Sede Los Tordos:  Yrigoyen al 2211, Cipolletti - Rio Negro 

Teléfono: 0299 - 4774707 int 25
Contacto: biblioteca@facimed.uncoma.edu.ar
© 2011 - 2026